000 01499nam0a22003371 4500
001 rc\2215788
005 20230721135425.0
035 _a(NLR Aleph) 006621172
090 _a7450829
_c7450829
100 _a20110829d1979 |||y0rusy50 ca
101 1 _arus
_ceng
102 _aRU
105 _aa z |||||
200 1 _aМетоды оценки и интерпретация биологических показателей популяции рыб
_fПер. с англ. В.К. Бабаяна
_gПод ред. к. ф.-м. н. Т.И. Булгаковой и Ю.Н. Ефимова
210 _aМосква
_cПищ. пром-сть
_d1979
215 _a408 с.
_cил.
_d21
311 _aПер. изд.: Computation and interpretation of biological statistics offish populations / W.E. Ricker (Ottawa, 1975)
320 _aБиблиогр.: с. 373-387
454 0 _12001#$aComputation and interpretation of biological statistics offish populations$fW.E. Ricker
_1210##$aOttawa$d1975
_1700#1$aRicker$bW.E.
700 1 _aРикер
_bУ. Е.
702 1 _aЕфимов
_bЮ. Н.
_cканд. техн. наук, рыболовство
_gЮрий Николаевич
_3RU\NLR\AUTH\770258041
_4340
702 1 _aБабаян
_bВ. К.
_4730
702 1 _aБулгакова
_bТ. И.
_4340
801 0 _aRU
_bNLR
_gpsbo
801 1 _aRU
_bELAR
_2rusmarc
852 _aNLR
_j80-5/1621
899 _aRuMoRGB
_jB 79-55/338
899 _aRuMoRGB
_jB 79-55/339
942 _cBOOK
980 _aNB